Corner and others v Salford CC (Record no. 79386)

MARC details
000 -LEADER
fixed length control field 01595cad a22002175a 4500
001 - CONTROL NUMBER
control field L140948
008 - FIXED-LENGTH DATA ELEMENTS--GENERAL INFORMATION
fixed length control field 071022e20070509xxk f 000 0 eng d
035 ## - SYSTEM CONTROL NUMBER
System control number (Sirsi) u140948
041 0# - LANGUAGE CODE
Language code of text/sound track or separate title eng
245 00 - TITLE STATEMENT
Title Corner and others v Salford CC
Medium [electronic resource]
260 ## - PUBLICATION, DISTRIBUTION, ETC.
Date of publication, distribution, etc. 2007
520 ## - SUMMARY, ETC.
Summary, etc. [2007] EWLands ACQ_99_2006, 9 May 2007. Considers the amount to be paid in respect of the compulsory purchase of a domestic property. Salford City Council had made efforts to contact the freeholder, Mr Corner (C) and the chargees, Ms Corner and Mr Kormornick. Efforts to contact these had been unsuccessful and evidence was supplied. The District Valuer assessed the open market value of the freehold at a level based upon similar properties in the street, and their recent sale prices. The Council requested that it be permitted to make payment to court in the absence of any interested parties. "Held": The valuation of compensation to be paid was accepted. The request to pay this into court was not accepted because a notice to treat was deemed to have been served under the Compulsory Purchase (Vesting Declarations) Act 1981.
590 ## - LOCAL NOTE (RLIN)
Local note KA
650 24 - SUBJECT ADDED ENTRY--TOPICAL TERM
Topical term or geographic name entry element CORNER AND OTHERS V SALFORD CC
650 24 - SUBJECT ADDED ENTRY--TOPICAL TERM
Topical term or geographic name entry element COMPULSORY PURCHASE ACT 1965
650 24 - SUBJECT ADDED ENTRY--TOPICAL TERM
Topical term or geographic name entry element COMPULSORY PURCHASE (VESTING DECLARATIONS) ACT 1981
651 #4 - SUBJECT ADDED ENTRY--GEOGRAPHIC NAME
Geographic name United Kingdom
Chronological subdivision
690 ## - LOCAL SUBJECT ADDED ENTRY--TOPICAL TERM (OCLC, RLIN)
Topical term or geographic name as entry element ENVIRONMENTAL AND LAND CONSULTANCY-PLANNING AND DEVELOPMENT-COMPULSORY PURCHASE AND COMPENSATION
856 40 - ELECTRONIC LOCATION AND ACCESS
Uniform Resource Identifier <a href="https://www.bailii.org/ew/cases/EWLands/2007/ACQ_99_2006.html">https://www.bailii.org/ew/cases/EWLands/2007/ACQ_99_2006.html</a>
Public note View the judgment free of charge at www.bailii.org...
942 ## - ADDED ENTRY ELEMENTS (KOHA)
Suppress in OPAC 0
Holdings
Withdrawn status Lost status Source of classification or shelving scheme Damaged status Not for loan Home library Current library Shelving location Date acquired Total Checkouts Full call number Barcode Date last seen Copy number Price effective from Koha item type
    Dewey Decimal Classification     Virtual Virtual Online 22/10/2007   ONLINE PUBLICATION 140948-1001 06/08/2019 1 06/08/2019 Law report